00826 a2200193 45000010006000000050017000060080041000230030015000640400040000790800085001192450075002040200022002792640085003013000019003865050170004050410008005751000022005837000027006056052220260407155856.0260407a1992 arg spa dAR-UNSa-BCEJYS aAR-UNSa-BCEJYSbspacAR-UNSa-BCEJYS a330.342.146xEconomía social de mercado. Economía del estado del bienestar 10aOrganizaciones económicas popularespMás allá de la informalidad a978-987-99014-0-3 1aBuenos Aires :bServicio Cristiano de Cooperacion para la Promocion Humanac1992 a255 p.c20 cm. a1. Contexto – 2. Critica a algunos modelos – 3. Economía de la solidaridad – 4. Las O.E.P campesinas – 4. ONG / O.E.P – 5. Fe. Promoción humana y O.E.P aspa1 aForni, Floreal H.1 aSánchez, Juan José